Countries by Former Shape #8 - Statistics

General Stats
  • This quiz has been taken 88 times
  • The average score is 8 of 10
Answer Stats
Picture Answer % Correct
Indonesia
99%
Myanmar
99%
Pakistan
97%
Venezuela
97%
Latvia
95%
Peru
88%
Benin
77%
Belarus
76%
Uzbekistan
50%
Singapore
36%
No matching quizzes found
Score Distribution
Percent of People with Each Score
Percentile by Number Answered
Your Score History
You have not taken this quiz